000 00547nam a2200205Ia 4500
005 20250923145407.0
008 008 250917s9999 xx 000 0 eng d
037 _aTextual
040 _aDSWL
_beng
_cDSWL
041 _aeng
_2eng
084 _aR5, N60
_qDSWL
100 _aRead, Herbert
_9834839
245 0 _aForms of things unknown
_c by Herbert Read
260 _aLondon
_bFaber & Faber
_c1960
300 _a248p.
365 _aINR
_b25 .
925 _g25 .
942 _cTEXL
_hR5, N60
999 _c1450833
_d1450833